<?xml version='1.0' encoding='UTF-8'?>
  <record xmlns="http://www.loc.gov/MARC21/slim">
    <leader>00000cam a22000007i 4500</leader>
    <controlfield tag="001">ocm67806734</controlfield>
    <controlfield tag="003">OCoLC</controlfield>
    <controlfield tag="005">20250320050834.3</controlfield>
    <controlfield tag="008">990920s1881    ne            000 0 dut d</controlfield>
    <datafield tag="040" ind1=" " ind2=" ">
      <subfield code="a">NLGGC</subfield>
      <subfield code="b">dut</subfield>
      <subfield code="e">fobidrtb</subfield>
      <subfield code="c">NLGGC</subfield>
      <subfield code="d">OCLCO</subfield>
      <subfield code="d">OCLCL</subfield>
      <subfield code="d">OCLCQ</subfield>
    </datafield>
    <datafield tag="029" ind1="0" ind2=" ">
      <subfield code="a">NLGGC</subfield>
      <subfield code="b">185589138</subfield>
    </datafield>
    <datafield tag="035" ind1=" " ind2=" ">
      <subfield code="a">(OCoLC)67806734</subfield>
    </datafield>
    <datafield tag="100" ind1="1" ind2=" ">
      <subfield code="a">Honigh, Cornelis,</subfield>
      <subfield code="d">1845-1896.</subfield>
      <subfield code="1">https://id.oclc.org/worldcat/entity/E39PCjByxk9mbtTjqCbTWpxDD3</subfield>
    </datafield>
    <datafield tag="245" ind1="1" ind2="5">
      <subfield code="a">Eene bladzijde uit den Exodus der Transvalers (29 Augustus 1848) :</subfield>
      <subfield code="b">gedicht /</subfield>
      <subfield code="c">C. Honigh.</subfield>
    </datafield>
    <datafield tag="260" ind1=" " ind2=" ">
      <subfield code="a">[S.l.] :</subfield>
      <subfield code="b">[s.n.],</subfield>
      <subfield code="c">[1881]</subfield>
    </datafield>
    <datafield tag="300" ind1=" " ind2=" ">
      <subfield code="c">xx cm.</subfield>
    </datafield>
    <datafield tag="336" ind1=" " ind2=" ">
      <subfield code="a">tekst</subfield>
      <subfield code="b">txt</subfield>
      <subfield code="2">rdacontent/dut</subfield>
    </datafield>
    <datafield tag="337" ind1=" " ind2=" ">
      <subfield code="a">zonder medium</subfield>
      <subfield code="b">n</subfield>
      <subfield code="2">rdamedia/dut</subfield>
    </datafield>
    <datafield tag="338" ind1=" " ind2=" ">
      <subfield code="a">band</subfield>
      <subfield code="b">nc</subfield>
      <subfield code="2">rdacarrier/dut</subfield>
    </datafield>
    <datafield tag="500" ind1=" " ind2=" ">
      <subfield code="a">Overdr. uit: De Gids ; 1881, no. 2.</subfield>
    </datafield>
    <datafield tag="530" ind1=" " ind2=" ">
      <subfield code="a">Ook beschikbaar in microvorm.</subfield>
    </datafield>
    <datafield tag="936" ind1=" " ind2=" ">
      <subfield code="a">BATCHLOAD</subfield>
    </datafield>
  </record>